[Event "DEM U12w 2018"]
[Site "Willingen GER"]
[Date "2018.05.23"]
[Round "6"]
[White "Hentschel, Lena"]
[Black "Sinner, Joselyne"]
[Result "1-0"]
[Termination "normal"]
[Board "8"]
[WhiteElo "1466"]
[BlackElo "1541"]
[WhiteClock "00:13:23"]
[BlackClock "00:15:17"]
[PlyCount "139"]
[WhiteFideId "16240324"]
[BlackFideId "16210387"]
[EventCountry "GER"]
[EventRounds "11"]
[EventType "swiss"]
[EventDate "2018.05.19"]

1. d4 {[%clk 1:15:58]} 1... Nf6 {[%clk 1:15:56]} 2. Nf3 {[%clk 1:16:19]} 2...
d6 {[%clk 1:16:16]} 3. Bf4 {[%clk 1:16:31]} 3... g6 {[%clk 1:16:21]} 4. e3 {
[%clk 1:16:38]} 4... Bg7 {[%clk 1:16:40]} 5. h3 {[%clk 1:16:04]} 5... O-O {
[%clk 1:16:11]} 6. Bd3 {[%clk 1:15:26]} 6... Nbd7 {[%clk 1:16:04]} 7. O-O {
[%clk 1:13:38]} 7... Ne8 {[%clk 1:14:45]} 8. Bg3 {[%clk 1:11:59]} 8... f5 {
[%clk 1:12:16]} 9. c3 {[%clk 1:07:16]} 9... Kh8 {[%clk 1:09:38]} 10. Bc4 {
[%clk 1:04:03]} 10... Nb6 {[%clk 1:05:49]} 11. Bb3 {[%clk 1:02:43]} 11... Nf6 {
[%clk 1:04:41]} 12. Nbd2 {[%clk 0:58:40]} 12... Ne4 {[%clk 1:02:53]} 13. Bh4 {
[%clk 0:53:19]} 13... Bd7 {[%clk 0:58:38]} 14. Qc2 {[%clk 0:43:17]} 14... Nxd2
{[%clk 0:48:59]} 15. Qxd2 {[%clk 0:40:19]} 15... Qe8 {[%clk 0:46:13]} 16. Rfe1
{[%clk 0:38:43]} 16... a5 {[%clk 0:39:24]} 17. e4 {[%clk 0:31:46]} 17... Bf6 {
[%clk 0:33:02]} 18. Bxf6+ {[%clk 0:28:48]} 18... Rxf6 {[%clk 0:33:20]} 19. e5 {
[%clk 0:27:58]} 19... dxe5 {[%clk 0:30:01]} 20. Nxe5 {[%clk 0:27:45]} 20... Be6
{[%clk 0:28:56]} 21. Bxe6 {[%clk 0:23:00]} 21... Rxe6 {[%clk 0:28:42]} 22. Re2
{[%clk 0:22:07]} 22... Kg7 {[%clk 0:24:05]} 23. Rae1 {[%clk 0:21:03]} 23... Rd8
{[%clk 0:21:22]} 24. Qf4 {[%clk 0:18:33]} 24... Nd5 {[%clk 0:20:04]} 25. Qh4 {
[%clk 0:17:25]} 25... Qf8 {[%clk 0:18:17]} 26. Nf3 {[%clk 0:16:09]} 26... Rxe2
{[%clk 0:16:27]} 27. Rxe2 {[%clk 0:16:25]} 27... h6 {[%clk 0:16:36]} 28. c4 {
[%clk 0:14:33]} 28... Nf6 {[%clk 0:16:38]} 29. Qf4 {[%clk 0:14:28]} 29... Rd7 {
[%clk 0:14:29]} 30. Qe5 {[%clk 0:14:01]} 30... a4 {[%clk 0:13:45]} 31. Qb5 {
[%clk 0:13:31]} 31... Qa8 {[%clk 0:13:20]} 32. Re6 {[%clk 0:12:48]} 32... c6 {
[%clk 0:12:34]} 33. Qb4 {[%clk 0:12:35]} 33... Ng8 {[%clk 0:10:01]} 34. Qc5 {
[%clk 0:10:02]} 34... Qd8 {[%clk 0:08:41]} 35. Qe5+ {[%clk 0:08:31]} 35... Kf7
{[%clk 0:07:31]} 36. Nh4 {[%clk 0:07:36]} 36... Rxd4 {[%clk 0:07:03]} 37. Nxg6
{[%clk 0:05:35]} 37... Rd6 {[%clk 0:04:31]} 38. Qxf5+ 38... Kg7 {[%clk 0:04:20]
} 39. Qe5+ {[%clk 0:04:30]} 39... Nf6 {[%clk 0:03:26]} 40. Rxd6 {[%clk 0:03:18]
} 40... exd6 {[%clk 0:03:15]} 41. Qe7+ {[%clk 0:02:53]} 41... Qxe7 { [%clk
0:03:40]} 42. Nxe7 {[%clk 0:03:17]} 42... Ne4 {[%clk 0:03:05]} 43. Nf5+ { [%clk
0:02:23]} 43... Kg6 {[%clk 0:03:26]} 44. g4 {[%clk 0:02:16]} 44... h5 { [%clk
0:01:52]} 45. Kg2 {[%clk 0:00:50]} 45... Kg5 {[%clk 0:01:23]} 46. f3 { [%clk
0:00:44]} 46... Nc5 {[%clk 0:15:11]} 47. Nxd6 {[%clk 0:15:35]} 47... b6 { [%clk
0:14:44]} 48. gxh5 {[%clk 0:14:29]} 48... Kxh5 {[%clk 0:15:05]} 49. Ne4 { [%clk
0:14:23]} 49... Nd3 {[%clk 0:14:44]} 50. b3 {[%clk 0:14:09]} 50... Nb4 { [%clk
0:13:24]} 51. bxa4 {[%clk 0:13:49]} 51... Nxa2 {[%clk 0:13:48]} 52. c5 { [%clk
0:13:44]} 52... bxc5 {[%clk 0:13:58]} 53. Nxc5 {[%clk 0:14:03]} 53... Nb4
{[%clk 0:14:05]} 54. a5 {[%clk 0:13:52]} 54... Nd5 {[%clk 0:14:22]} 55. a6 {
[%clk 0:13:35]} 55... Nc7 {[%clk 0:14:51]} 56. a7 56... Kg5 {[%clk 0:14:59]}
57. Kg3 {[%clk 0:12:54]} 57... Kg6 {[%clk 0:14:50]} 58. Kg4 {[%clk 0:13:02]}
58... Kh6 {[%clk 0:14:48]} 59. h4 {[%clk 0:12:43]} 59... Kg6 {[%clk 0:14:52]}
60. f4 {[%clk 0:12:44]} 60... Na8 {[%clk 0:14:59]} 61. h5+ {[%clk 0:12:30]}
61... Kh7 {[%clk 0:14:41]} 62. Kg5 {[%clk 0:12:38]} 62... Kg7 {[%clk 0:14:53]}
63. h6+ {[%clk 0:12:39]} 63... Kh7 {[%clk 0:15:06]} 64. f5 {[%clk 0:13:01]}
64... Nc7 {[%clk 0:15:11]} 65. f6 {[%clk 0:13:09]} 65... Kh8 {[%clk 0:14:54]}
66. Kg6 {[%clk 0:12:48]} 66... Kg8 {[%clk 0:14:37]} 67. h7+ {[%clk 0:12:59]}
67... Kh8 {[%clk 0:14:44]} 68. f7 {[%clk 0:13:12]} 68... Ne6 {[%clk 0:14:52]}
69. a8=Q+ {[%clk 0:13:23]} 69... Nf8+ {[%clk 0:15:17]} 70. Qxf8# 1-0

[Event "DEM U12w 2018"]
[Site "Willingen GER"]
[Date "2018.05.23"]
[Round "6"]
[White "Roncea, Andreea-Alexandra"]
[Black "Adelmeyer, Nelly"]
[Result "1/2-1/2"]
[Termination "normal"]
[Board "9"]
[WhiteElo "1532"]
[BlackElo "1416"]
[WhiteClock "00:17:59"]
[BlackClock "00:36:55"]
[PlyCount "55"]
[WhiteFideId "16233115"]
[BlackFideId "16203577"]
[EventCountry "GER"]
[EventRounds "11"]
[EventType "swiss"]
[EventDate "2018.05.19"]

1. e4 {[%clk 1:15:58]} 1... c5 {[%clk 1:15:54]} 2. Nf3 {[%clk 1:16:23]} 2... d6
{[%clk 1:16:19]} 3. Bb5+ {[%clk 1:16:44]} 3... Nc6 {[%clk 1:16:42]} 4. O-O {
[%clk 1:16:58]} 4... Bd7 {[%clk 1:17:09]} 5. Re1 {[%clk 1:17:03]} 5... g6 {
[%clk 1:17:27]} 6. c3 {[%clk 1:16:56]} 6... Bg7 {[%clk 1:17:39]} 7. d4 { [%clk
1:16:23]} 7... cxd4 {[%clk 1:18:03]} 8. cxd4 {[%clk 1:16:43]} 8... Qb6 { [%clk
1:17:47]} 9. Bxc6 {[%clk 1:15:54]} 9... Bxc6 {[%clk 1:18:07]} 10. Nc3 { [%clk
1:14:11]} 10... Nf6 {[%clk 1:16:23]} 11. d5 {[%clk 1:06:39]} 11... Bd7 { [%clk
1:15:54]} 12. a4 {[%clk 1:03:42]} 12... a5 {[%clk 1:14:35]} 13. Re2 { [%clk
0:54:55]} 13... O-O {[%clk 1:13:48]} 14. Be3 {[%clk 0:52:53]} 14... Qc7 { [%clk
1:11:57]} 15. Rc1 {[%clk 0:51:06]} 15... Qd8 {[%clk 1:03:30]} 16. Nd4 { [%clk
0:47:46]} 16... Ng4 {[%clk 1:00:29]} 17. Bg5 {[%clk 0:41:47]} 17... Qb6 { [%clk
0:53:31]} 18. Nf3 {[%clk 0:38:44]} 18... Rfe8 {[%clk 0:47:37]} 19. h3 { [%clk
0:37:27]} 19... Ne5 {[%clk 0:46:12]} 20. Nxe5 {[%clk 0:35:19]} 20... Bxe5
{[%clk 0:46:35]} 21. Be3 {[%clk 0:34:32]} 21... Qb4 {[%clk 0:42:41]} 22. f3 {
[%clk 0:27:54]} 22... Bxc3 {[%clk 0:40:22]} 23. bxc3 {[%clk 0:26:23]} 23...
Qxa4 {[%clk 0:40:06]} 24. Qxa4 {[%clk 0:26:14]} 24... Bxa4 {[%clk 0:40:28]} 25.
Ra1 {[%clk 0:26:14]} 25... Bd7 {[%clk 0:40:03]} 26. Rb2 {[%clk 0:26:02]} 26...
b5 {[%clk 0:38:01]} 27. Bb6 {[%clk 0:22:18]} 27... a4 {[%clk 0:36:55]} 28. Be3
{[%clk 0:17:59]} 1/2-1/2

[Event "DEM U12w 2018"]
[Site "Willingen GER"]
[Date "2018.05.23"]
[Round "6"]
[White "Alferova, Emily"]
[Black "Zöllner, Bente"]
[Result "1/2-1/2"]
[Termination "normal"]
[Board "10"]
[WhiteElo "1323"]
[BlackElo "1314"]
[PlyCount "67"]
[WhiteFideId "16265904"]
[BlackFideId "16230523"]
[EventCountry "GER"]
[EventRounds "11"]
[EventType "swiss"]
[EventDate "2018.05.19"]

1. e4 c5 2. d4 cxd4 3. c3 Nf6 4. e5 Nd5 5. Bc4 Nb6 6. Bb3 e6 7. cxd4 d6 8. Nf3
Nc6 9. O-O Be7 10. Nc3 O-O 11. Qe2 dxe5 12. dxe5 Bd7 13. Rd1 Na5 14. Bc2 Qc7
15. Be3 Nac4 16. Bxb6 Nxb6 17. a4 Rfd8 18. Rac1 Bc6 19. Be4 Rxd1+ 20. Qxd1 Qd7
21. Qxd7 Bxd7 22. Bxb7 Rb8 23. Be4 Nxa4 24. Nxa4 Bxa4 25. Rc7 Bf8 26. Rxa7 Rc8
27. g3 Rc1+ 28. Kg2 Bb5 29. g4 Bf1+ 30. Kg3 g6 31. Ng5 Be2 32. Nxf7 Rg1+ 33.
Kh3 Bxg4+ 34. Kh4 1/2-1/2

[Event "DEM U12w 2018"]
[Site "Willingen GER"]
[Date "2018.05.23"]
[Round "6"]
[White "Hubert, Charlotte"]
[Black "Fischer, Darja"]
[Result "0-1"]
[Termination "normal"]
[Board "11"]
[WhiteElo "1219"]
[BlackElo "1292"]
[PlyCount "112"]
[WhiteFideId "16265920"]
[BlackFideId "16240898"]
[EventCountry "GER"]
[EventRounds "11"]
[EventType "swiss"]
[EventDate "2018.05.19"]

1. e4 d5 2. exd5 Qxd5 3. Nc3 Qd6 4. Nf3 Nf6 5. Bc4 a6 6. d3 b5 7. Bb3 Bb7 8.
Be3 e6 9. Qe2 Be7 10. O-O O-O 11. Rad1 c5 12. a3 Ng4 13. Ne4 Qc7 14. h3 Nf6 15.
Ng3 Nbd7 16. Bd2 Bd6 17. Ne4 Nxe4 18. dxe4 Nf6 19. Ba5 Qxa5 20. Rxd6 Nxe4 21.
Rdd1 c4 22. Ba2 Qb6 23. Rd4 Nf6 24. Rfd1 Rad8 25. Rxd8 Rxd8 26. Rxd8+ Qxd8 27.
Ne5 Qd5 28. Nf3 Qe4 29. Qd2 Qd5 30. Qe2 Qh5 31. Qd2 Qd5 32. Qe2 h6 33. Bb1 Qh5
34. Nd4 Qxe2 35. Nxe2 Kf8 36. g3 Ke7 37. Kf1 Kd6 38. Ke1 Ke5 39. Kd2 Ke4 40.
Ng1 Nd5 41. f4 Kf5 42. c3+ Kf6 43. Ne2 g5 44. Bc2 gxf4 45. gxf4 e5 46. fxe5+
Kxe5 47. Ke1 Nf4 48. Nxf4 Kxf4 49. Kf2 Be4 50. Bd1 Bf5 51. Kg2 Ke3 52. Bf3 Bc8
53. Bh5 f6 54. Bf3 Kd2 55. Be4 Kc1 56. h4 Kxb2 0-1

[Event "DEM U12w 2018"]
[Site "Willingen GER"]
[Date "2018.05.23"]
[Round "6"]
[White "Petersen, Sophie"]
[Black "Voigt, Anastasia"]
[Result "1-0"]
[Termination "normal"]
[Board "12"]
[WhiteElo "1431"]
[BlackElo "1281"]
[PlyCount "167"]
[WhiteFideId "16229380"]
[BlackFideId "16235223"]
[EventCountry "GER"]
[EventRounds "11"]
[EventType "swiss"]
[EventDate "2018.05.19"]

1. e4 e5 2. Nf3 Nc6 3. Bb5 a6 4. Ba4 Nf6 5. O-O b5 6. Bb3 d6 7. Re1 Bg4 8. d3
Nd4 9. Nbd2 c5 10. c3 Nxb3 11. axb3 Be7 12. h3 Bh5 13. Nf1 h6 14. Ng3 Bg6 15.
Nh4 Bh7 16. Nhf5 O-O 17. Qf3 Re8 18. Be3 a5 19. d4 Rc8 20. Red1 Qb6 21. dxe5
dxe5 22. b4 axb4 23. cxb4 Qb7 24. Nxe7+ Rxe7 25. Nf5 Bxf5 26. exf5 Qxf3 27.
gxf3 cxb4 28. f4 e4 29. Ra5 Rb7 30. Rd4 Rc4 31. Rxb5 Rc1+ 32. Bxc1 Rxb5 33. Bd2
b3 34. Kf1 Kf8 35. Ke2 Rd5 36. Ke3 Rxf5 37. f3 exf3 38. Kxf3 Rb5 39. Be1 Ke7
40. Ke3 Ke6 41. Kd3 Nd5 42. Kc4 Nc7 43. Rd3 Rb7 44. Rxb3 Rxb3 45. Kxb3 Nd5 46.
Bg3 Kf5 47. Kc4 Nc7 48. b4 Na6 49. b5 Nb8 50. Kd5 Nd7 51. Kc6 Ke6 52. f5+ Ke7
53. Bd6+ Ke8 54. b6 Nxb6 55. Kxb6 Kd7 56. Be5 f6 57. Bf4 Ke7 58. h4 Kf7 59. h5
Ke7 60. Kc7 Ke8 61. Bd6 Kf7 62. Kd7 Kg8 63. Ke8 g6 64. fxg6 f5 65. Bf4 Kg7 66.
Ke7 Kg8 67. Kf6 Kh8 68. g7+ Kh7 69. Bd6 Kg8 70. Bf4 Kh7 71. Bxh6 Kg8 72. Ke7 f4
73. Bxf4 Kxg7 74. h6+ Kh7 75. Kf6 Kg8 76. Kg6 Kh8 77. Be5+ Kg8 78. h7+ Kf8 79.
h8=Q+ Ke7 80. Qf6+ Kd7 81. Kf5 Ke8 82. Qg7 Kd8 83. Qf7 Kc8 84. Qc7# 1-0

[Event "DEM U12w 2018"]
[Site "Willingen GER"]
[Date "2018.05.23"]
[Round "6"]
[White "Shapiro, Nina"]
[Black "Becker, Linda"]
[Result "0-1"]
[Termination "normal"]
[Board "13"]
[WhiteElo "1281"]
[BlackElo "1464"]
[PlyCount "72"]
[WhiteFideId "16260007"]
[BlackFideId "16244753"]
[EventCountry "GER"]
[EventRounds "11"]
[EventType "swiss"]
[EventDate "2018.05.19"]

1. e4 e6 2. d3 d5 3. Nd2 c5 4. Ngf3 Nc6 5. g3 g6 6. Bg2 Bg7 7. O-O Nge7 8. Nb3
b6 9. Rb1 O-O 10. Bf4 Bd7 11. Qd2 Kh8 12. Bh6 Bxh6 13. Qxh6 Ng8 14. Qg5 Qxg5
15. Nxg5 Nge7 16. c3 h6 17. Nf3 a5 18. a3 a4 19. Nbd2 Na5 20. exd5 exd5 21.
Rfe1 Rae8 22. b4 axb3 23. Nxb3 Nxb3 24. Rxb3 b5 25. Ne5 Nc6 26. d4 cxd4 27.
cxd4 Nxd4 28. Rd3 Nc2 29. Re2 Bf5 30. Rxd5 Kg7 31. Red2 Nxa3 32. Rb2 f6 33. Nd3
Rd8 34. Rxd8 Rxd8 35. Nb4 Rd1+ 36. Bf1 Bh3 0-1

[Event "DEM U12w 2018"]
[Site "Willingen GER"]
[Date "2018.05.23"]
[Round "6"]
[White "Breß, Amy Charlize"]
[Black "Nguyen, Jenny Ha-Linh"]
[Result "1-0"]
[Termination "normal"]
[Board "14"]
[WhiteElo "1558"]
[BlackElo "1360"]
[PlyCount "47"]
[WhiteFideId "16233786"]
[BlackFideId "16209729"]
[EventCountry "GER"]
[EventRounds "11"]
[EventType "swiss"]
[EventDate "2018.05.19"]

1. Nf3 Nf6 2. g3 g6 3. Bg2 Bg7 4. O-O O-O 5. d3 d6 6. e4 Nbd7 7. Nbd2 c5 8. Re1
Ne5 9. Qe2 Nfd7 10. c3 e6 11. Nxe5 Nxe5 12. f4 Nc6 13. Nc4 b5 14. e5 d5 15. Nd6
a6 16. Be3 Nxe5 17. fxe5 Bxe5 18. Nxc8 Qxc8 19. Kh1 Bg7 20. Qf2 c4 21. dxc4
bxc4 22. Re2 Rb8 23. Rf1 a5 24. Bc5 1-0

[Event "DEM U12w 2018"]
[Site "Willingen GER"]
[Date "2018.05.23"]
[Round "6"]
[White "Buchholz, Maja"]
[Black "Gossing, Marie-Sophie"]
[Result "1-0"]
[Termination "normal"]
[Board "15"]
[WhiteElo "1320"]
[BlackElo "1309"]
[PlyCount "113"]
[WhiteFideId "16200500"]
[BlackFideId "16217284"]
[EventCountry "GER"]
[EventRounds "11"]
[EventType "swiss"]
[EventDate "2018.05.19"]

1. c4 c5 2. g3 Nf6 3. Bg2 g6 4. Nf3 Bg7 5. O-O O-O 6. Nc3 Nc6 7. d3 b6 8. Qa4
Bb7 9. Ne5 Qc7 10. Bf4 Nxe5 11. Bxe5 d6 12. Bxb7 Qxb7 13. Bf4 Rfd8 14. Qc2 e6
15. Bg5 Rd7 16. Rad1 d5 17. Nb1 d4 18. Nd2 Re8 19. Nf3 e5 20. Nd2 Rd6 21. Bxf6
Rxf6 22. Rb1 Rfe6 23. a4 Qa6 24. b4 Qc8 25. bxc5 Qxc5 26. Rb5 Qc8 27. Rfb1 f5
28. f3 Bh6 29. a5 Qc7 30. axb6 axb6 31. Kg2 Bxd2 32. Qxd2 e4 33. Kf1 e3 34. Qb2
Rb8 35. Qxd4 Rd8 36. Qb2 Rb8 37. c5 f4 38. cxb6 Qd6 39. Kg2 g5 40. g4 h6 41.
Qb3 Kh7 42. b7 Re7 43. Qb4 Qd7 44. d4 Qc7 45. Qc5 Qd7 46. Qf5+ Qxf5 47. gxf5
Rc7 48. Kf1 h5 49. h3 g4 50. Kg2 Rc2 51. R5b2 Rxb2 52. Rxb2 g3 53. h4 Kg7 54.
d5 Kf7 55. d6 Ke8 56. f6 Kd7 57. f7 1-0

[Event "DEM U12w 2018"]
[Site "Willingen GER"]
[Date "2018.05.23"]
[Round "6"]
[White "Wimmer, Katharina"]
[Black "Prinzen, Siri Marleen"]
[Result "1-0"]
[Termination "normal"]
[Board "16"]
[WhiteElo "1169"]
[BlackElo "1227"]
[PlyCount "123"]
[WhiteFideId "16265947"]
[BlackFideId "16265912"]
[EventCountry "GER"]
[EventRounds "11"]
[EventType "swiss"]
[EventDate "2018.05.19"]

1. e4 b6 2. d4 Bb7 3. Nc3 e6 4. Nf3 Bb4 5. Bd3 Nf6 6. Bg5 h6 7. Bxf6 Qxf6 8.
Qd2 Qg6 9. a3 Qxg2 10. Rg1 Qxf3 11. axb4 Nc6 12. Nb5 Rc8 13. c3 a6 14. Na3 g6
15. Nc2 Ra8 16. Qe3 Qxe3+ 17. Nxe3 Ke7 18. e5 d6 19. f4 h5 20. Kf2 b5 21. Rg3
Rag8 22. Be4 d5 23. Bd3 Kd7 24. h4 Ne7 25. Rag1 Rf8 26. Ke2 Nf5 27. Bxf5 exf5
28. Kd3 Rh6 29. R3g2 Kc6 30. Ra1 f6 31. Re1 fxe5 32. dxe5 Kd7 33. Kd4 c6 34.
Nf1 Ra8 35. Ra1 Kc7 36. Kc5 Bc8 37. Nh2 Bd7 38. Nf3 Be8 39. Ng5 Bd7 40. Re2
Rhh8 41. Nf7 Rhe8 42. Nd6 Re7 43. Rg2 Rg7 44. Re2 Re7 45. Ree1 Be6 46. Ra3 Rd7
47. Rea1 Rdd8 48. Rxa6 Rxa6 49. Rxa6 Bd7 50. Nf7 Rb8 51. Ng5 Kd8 52. Kd6 Ke8
53. e6 Bxe6 54. Kxe6 Rc8 55. Nh7 Kd8 56. Kd6 Ke8 57. Ra7 Kd8 58. Nf6 Rb8 59.
Kxc6 Kc8 60. Rg7 Kd8 61. Rg8+ Ke7 62. Nxd5+ 1-0

[Event "DEM U12w 2018"]
[Site "Willingen GER"]
[Date "2018.05.23"]
[Round "6"]
[White "Müller, Alina"]
[Black "Heckler, Florentine"]
[Result "1/2-1/2"]
[Termination "normal"]
[Board "17"]
[WhiteElo "1208"]
[BlackElo "1284"]
[PlyCount "68"]
[WhiteFideId "16265939"]
[BlackFideId "16240316"]
[EventCountry "GER"]
[EventRounds "11"]
[EventType "swiss"]
[EventDate "2018.05.19"]

1. d4 d5 2. Nf3 Nf6 3. e3 e6 4. Bd3 c5 5. c3 Be7 6. Nbd2 Nbd7 7. O-O O-O 8. Re1
cxd4 9. exd4 Qc7 10. Nf1 Bd6 11. Bc2 e5 12. dxe5 Nxe5 13. Nxe5 Bxe5 14. Bg5 Be6
15. Qd3 g6 16. Re2 Bf5 17. Qd2 Bxc2 18. Qxc2 Rfe8 19. Bxf6 Bxf6 20. Rae1 Rxe2
21. Rxe2 Rd8 22. g3 d4 23. cxd4 Qxc2 24. Rxc2 Bxd4 25. Rd2 Bf6 26. Rxd8+ Bxd8
27. Kg2 Kf8 28. Ne3 Bf6 29. b3 Ke7 30. Nd5+ Ke6 31. Nxf6 Kxf6 32. Kf3 Kf5 33.
a3 Ke5 34. Kg4 h5+ 1/2-1/2

[Event "DEM U12w 2018"]
[Site "Willingen GER"]
[Date "2018.05.23"]
[Round "6"]
[White "Feige, Adelina"]
[Black "Ulrich, Helena Irene"]
[Result "0-1"]
[Termination "normal"]
[Board "18"]
[WhiteElo "1166"]
[BlackElo "1282"]
[PlyCount "94"]
[WhiteFideId "16265955"]
[BlackFideId "16256000"]
[EventCountry "GER"]
[EventRounds "11"]
[EventType "swiss"]
[EventDate "2018.05.19"]

1. d4 Nf6 2. c4 g6 3. Nc3 Bg7 4. e4 d6 5. Nf3 O-O 6. Be2 e5 7. dxe5 dxe5 8.
Qxd8 Rxd8 9. Bg5 Re8 10. O-O-O c6 11. Rd2 h6 12. Bh4 Nbd7 13. Rhd1 Nc5 14. Rd8
g5 15. Rxe8+ Nxe8 16. Rd8 Kf8 17. Bg3 Nd7 18. Rxd7 Bxd7 19. Nxe5 Be6 20. b3 Rd8
21. Bh5 Nf6 22. Bf3 Nd7 23. Nxd7+ Rxd7 24. Ne2 f5 25. h3 f4 26. Bh2 b5 27. c5
a5 28. Kc2 Kg8 29. Kc1 Bf8 30. e5 Bxc5 31. Bxc6 Rc7 32. Be4 Bxf2+ 33. Bc2 Bf5
34. e6 Rxc2+ 35. Kd1 Rxa2 36. Nc3 Ra1+ 37. Ke2 Be3 38. Nd5 Bxe6 39. Nf6+ Kf7
40. Ne4 Bxb3 41. Nd6+ Ke6 42. Ne4 Bc4+ 43. Kf3 Rf1+ 44. Nf2 Rxf2+ 45. Ke4 Bd5+
46. Kd3 Rd2+ 47. Kc3 b4# 0-1

[Event "DEM U12w 2018"]
[Site "Willingen GER"]
[Date "2018.05.23"]
[Round "6"]
[White "Kumas, Alina"]
[Black "Kanno, Clara Yumi"]
[Result "1-0"]
[Termination "normal"]
[Board "19"]
[WhiteElo "1157"]
[BlackElo "1073"]
[PlyCount "51"]
[WhiteFideId "16235789"]
[BlackFideId "16259661"]
[EventCountry "GER"]
[EventRounds "11"]
[EventType "swiss"]
[EventDate "2018.05.19"]

1. e4 e5 2. Nf3 Nc6 3. Nc3 Nf6 4. Bb5 d6 5. d4 exd4 6. Nxd4 Bd7 7. O-O a6 8.
Nxc6 Bxc6 9. Bxc6+ bxc6 10. Bg5 Be7 11. Re1 h6 12. Bh4 Rb8 13. b3 Qd7 14. e5
dxe5 15. Rxe5 O-O 16. Qxd7 Nxd7 17. Rxe7 Rbd8 18. Rd1 Nc5 19. Rxc7 Rde8 20. h3
Re6 21. Be7 Rxe7 22. Rxe7 Rc8 23. Ne4 Ne6 24. Rdd7 Rf8 25. Ra7 Nd8 26. Rxa6 1-0

[Event "DEM U12w 2018"]
[Site "Willingen GER"]
[Date "2018.05.23"]
[Round "7"]
[White "Bashylina, Luisa"]
[Black "Pohle, Saskia"]
[Result "1/2-1/2"]
[Termination "normal"]
[Board "1"]
[WhiteElo "1764"]
[BlackElo "1611"]
[WhiteClock "00:45:01"]
[BlackClock "00:17:41"]
[PlyCount "52"]
[WhiteFideId "12983292"]
[BlackFideId "16201604"]
[EventCountry "GER"]
[EventRounds "11"]
[EventType "swiss"]
[EventDate "2018.05.19"]

1. e4 {[%clk 1:15:58]} 1... e5 {[%clk 1:15:57]} 2. Nf3 {[%clk 1:16:24]} 2...
Nc6 {[%clk 1:16:23]} 3. d4 {[%clk 1:16:51]} 3... exd4 {[%clk 1:16:48]} 4. Nxd4
{[%clk 1:17:18]} 4... Bc5 {[%clk 1:17:13]} 5. Be3 {[%clk 1:17:45]} 5... Qf6 {
[%clk 1:17:37]} 6. c3 {[%clk 1:18:09]} 6... Nge7 {[%clk 1:18:03]} 7. Bc4 {
[%clk 1:18:35]} 7... Qg6 {[%clk 1:18:26]} 8. O-O {[%clk 1:18:41]} 8... Ne5 {
[%clk 1:18:47]} 9. Be2 {[%clk 1:19:06]} 9... d6 {[%clk 1:18:45]} 10. f4 { [%clk
1:18:52]} 10... Qxe4 {[%clk 1:19:06]} 11. Bf2 {[%clk 1:19:14]} 11... Bxd4
{[%clk 1:19:25]} 12. cxd4 {[%clk 1:19:36]} 12... N5g6 {[%clk 1:15:36]} 13. Nc3
{[%clk 1:17:51]} 13... Qxf4 {[%clk 1:03:35]} 14. Nb5 {[%clk 1:17:21]} 14... O-O
{[%clk 1:01:10]} 15. Nxc7 {[%clk 1:16:35]} 15... Rb8 {[%clk 1:01:32]} 16. d5 {
[%clk 1:16:00]} 16... b6 {[%clk 0:51:35]} 17. Bxb6 {[%clk 1:15:18]} 17... Qb4 {
[%clk 0:47:56]} 18. Bxa7 {[%clk 1:10:18]} 18... Rb7 {[%clk 0:48:11]} 19. Na6 {
[%clk 1:10:39]} 19... Qa5 {[%clk 0:47:16]} 20. Bf2 {[%clk 1:01:13]} 20... Rxb2
{[%clk 0:46:03]} 21. Be1 {[%clk 0:59:14]} 21... Qxd5 {[%clk 0:35:47]} 22. Qxd5
{[%clk 0:51:18]} 22... Nxd5 {[%clk 0:36:09]} 23. Rf2 {[%clk 0:49:40]} 23... Rb6
{[%clk 0:27:09]} 24. Ba5 {[%clk 0:49:20]} 24... Rb7 {[%clk 0:26:45]} 25. Bf3 {
[%clk 0:44:45]} 25... Rb5 {[%clk 0:26:19]} 26. Nc7 {[%clk 0:45:01]} 26... Rxa5
{[%clk 0:17:41]} 1/2-1/2